| 000 | 00426nam a2200181Ia 4500 | ||
|---|---|---|---|
| 003 | OSt | ||
| 005 | 20241007115248.0 | ||
| 008 | 210210b1986 xxu||||| |||| 00| 0 eng d | ||
| 040 | _cAL | ||
| 082 | _a910.2 SARG | ||
| 100 |
_aSARIN (Ashok Kumar). _9181591 |
||
| 245 | _aGeography quiz | ||
| 260 |
_aN D _bCurrent Scientific Literature _c1986 |
||
| 300 | _a64 | ||
| 690 |
_aQuiz _9181592 |
||
| 906 | _a040036 | ||
| 942 |
_2ddc _cBK |
||
| 999 |
_c89824 _d89824 |
||